TOP 40 Srpskih jutjubera sa najviše subskrajbera - Statistics

General Stats
  • This quiz has been taken 162 times
  • The average score is 8 of 40
Answer Stats
Odgovor % Correct
1 Baka Prase
98%
2 Mudja
80%
10 Choda
60%
3 Dex Rock
58%
6 Janko
53%
20 Simi
50%
21 Jana Dačović
38%
5 SerbianGamesBL
38%
18 Lea Stankovic
37%
9 Stuberi
35%
27 Goldenito
31%
7 DJOTAFREESTYLE
28%
15 Andrija Jo
27%
23 Yasserstain
23%
11 Andjela&Nadja
22%
30 Ćaletova Radionica
20%
19 Kika
20%
12 Kimi's Life
16%
33 Cile ST
12%
14 Full Burazeri
9%
39 MAGIČNI VIDEO
8%
16 iggy Plejer
7%
31 Brkic Nadja
5%
22 DNEVNJAK
5%
36 MilosHD
5%
24 Nixa Zizu
5%
32 Sanee
5%
4 ARIJA - Kids Channel
4%
38 SupremeNexus
4%
25 50N3
3%
8 Lekovite Biljke
3%
35 Niki13Gaming
3%
26 Gasttozz
2%
37 Marija Serifovic
2%
17 Moja Kuhinja Tanja
1%
40 Suarez16
1%
13 Uradi Sama- Ideje za kreativce
1%
29 Dijeta meseceve mene
0%
28 Gledaj Ovo
0%
34 Serpica Recepti
0%
No matching quizzes found
Score Distribution
Percent of People with Each Score
Percentile by Number Answered
Your Score History
You have not taken this quiz